[Event "GER-ch 92nd"]
[Site "Magdeburg"]
[Date "2021.07.26"]
[Round "2"]
[White "Kunin, Vitaly L"]
[Black "Biastoch, Bennet"]
[Result "1-0"]
[WhiteElo "2567"]
[BlackElo "2266"]
[EventDate "2021.07.25"]
[PlyCount "83"]

1. d4 Nf6 2. c4 e6 3. Nf3 Bb4+ 4. Nc3 b6 5. Qb3 c5 6. a3 Ba5 7. Bg5 h6 8. Bxf6 Qxf6 9. e3 Bb7 10. Be2 cxd4 11. Nxd4 O-O 12. O-O Bxc3 13. Qxc3 Nc6 14. Nb5 Qg5 15. g3 d5 16. cxd5 Qxd5 17. e4 Qe5 18. Qxe5 Nxe5 19. Nd6 Rab8 20. Rac1 Rfd8 21. Rfd1 Ba8 22. f4 Nc6 23. e5 a5 24. Kf2 Ne7 25. Rc7 Nd5 26. Ra7 Rf8 27. Bg4 f5 28. Bh5 b5 29. Bf7+ Rxf7 30. Rxf7 b4 31. a4 Bc6 32. Ra7 Bxa4 33. Rc1 b3 34. Rxa5 Nb4 35. Rc7 Nd3+ 36. Ke2 Nxb2 37. Raa7 Nd1 38. Rxg7+ Kh8 39. Kd2 b2 40. Rh7+ Kg8 41. Rag7+ Kf8 42. Rh8+ 1-0

[Event "GER-ch 92nd"]
[Site "Magdeburg"]
[Date "2021.07.26"]
[Round "2"]
[White "Lampe, Dirk"]
[Black "Hess, Max"]
[Result "0-1"]
[WhiteElo "2160"]
[BlackElo "2413"]
[EventDate "2021.07.25"]
[PlyCount "114"]

1. e4 c5 2. Nf3 Nc6 3. d4 cxd4 4. Nxd4 e6 5. Nc3 Qc7 6. Be2 Nf6 7. Be3 Be7 8. f4 d6 9. Qd2 Nxd4 10. Qxd4 O-O 11. O-O-O b6 12. e5 dxe5 13. Qxe5 Qb8 14. Nb5 a6 15. Nd6 Nd7 16. Qd4 Nc5 17. Bf3 Ra7 18. Nxc8 Rxc8 19. f5 Bf6 20. Qd6 Rac7 21. Kb1 exf5 22. Rhe1 Ne6 23. Bc1 Rd8 24. Qb4 Rcd7 25. Rxd7 Rxd7 26. Qa4 Qc8 27. c3 b5 28. Qb4 Qc7 29. Qb3 g6 30. h3 Kg7 31. a3 Nc5 32. Qc2 Re7 33. Rxe7 Qxe7 34. c4 Qe5 35. cxb5 axb5 36. Qe2 Ne4 37. Qe3 Bg5 38. Qd3 Bxc1 39. Kxc1 Qf4+ 40. Kc2 Qe5 41. Be2 Qc5+ 42. Kb3 Qf2 43. Qxb5 Qxg2 44. a4 Qxh3+ 45. Kb4 Qe3 46. Qc4 h5 47. a5 Qd2+ 48. Ka4 Qxb2 49. a6 h4 50. Ka5 h3 51. a7 h2 52. Bf3 Qa3+ 53. Kb6 Qxf3 54. a8=Q h1=Q 55. Qb4 Qe3+ 56. Kc7 Qhc1+ 57. Kb7 Qcc5 0-1

[Event "GER-ch 92nd"]
[Site "Magdeburg"]
[Date "2021.07.26"]
[Round "2"]
[White "Laux, Dominik"]
[Black "Neyman, Igor"]
[Result "1/2-1/2"]
[WhiteElo "2085"]
[BlackElo "2325"]
[EventDate "2021.07.25"]
[PlyCount "178"]

1. d4 d5 2. Bf4 c5 3. e3 cxd4 4. exd4 Nc6 5. c3 Bf5 6. Qb3 Qd7 7. Nf3 f6 8. Nbd2 g5 9. Bg3 h5 10. h3 e6 11. c4 Nge7 12. Bd3 Bh6 13. cxd5 exd5 14. Qc3 Rc8 15. Nb3 Bxd3 16. Nc5 Qf5 17. Qxd3 b6 18. Qxf5 Nxf5 19. Nb3 Kf7 20. O-O Nb4 21. Rfd1 Rc2 22. a3 Rxb2 23. axb4 Rxb3 24. Rxa7+ Kg6 25. Rd7 Rxb4 26. Rxd5 Ra8 27. Bc7 Rb2 28. g4 hxg4 29. hxg4 Nh4 30. Nxh4+ gxh4 31. Rf5 Rc8 32. Bh2 Bf8 33. Bf4 Rd8 34. Kg2 b5 35. Rc1 Rxd4 36. Rc6 Bg7 37. Kh3 Rc4 38. Rxc4 bxc4 39. Be3 c3 40. Rc5 c2 41. Kxh4 Ra2 42. Rc7 Ra3 43. Rxc2 Bh6 44. Bxh6 Kxh6 45. Rc6 Kg6 46. f4 Rf3 47. f5+ Kg7 48. Rc7+ Kh6 49. Rc6 Kg7 50. Rc7+ Kh6 51. Rc8 Kg7 52. Ra8 Rb3 53. Ra7+ Kh6 54. Ra6 Kg7 55. Ra7+ Kh6 56. Rf7 Rb6 57. Rf8 Kg7 58. Ra8 Rb3 59. Ra7+ Kh6 60. Rf7 Rb6 61. Re7 Rb3 62. Re8 Kg7 63. Rc8 Rf3 64. Rc7+ Kh6 65. Rc6 Kg7 66. Rb6 Ra3 67. Rb7+ Kh6 68. Rc7 Rf3 69. Rc6 Kg7 70. Re6 Ra3 71. Re7+ Kh6 72. Rf7 Ra6 73. Kg3 Ra3+ 74. Kf4 Ra4+ 75. Kf3 Ra3+ 76. Ke4 Ra4+ 77. Kd5 Rxg4 78. Ke6 Ra4 79. Rxf6+ Kg7 80. Rf7+ Kg8 81. Rb7 Ra6+ 82. Ke5 Kf8 83. Rd7 Rb6 84. Kf4 Ra6 85. Kg5 Rb6 86. Ra7 Rc6 87. Rh7 Ra6 88. Rb7 Rc6 89. Rb8+ Kf7 1/2-1/2

[Event "GER-ch 92nd"]
[Site "Magdeburg"]
[Date "2021.07.26"]
[Round "2"]
[White "Matthes, Aaron"]
[Black "Paehtz, Thomas Sr"]
[Result "1/2-1/2"]
[WhiteElo "2035"]
[BlackElo "2350"]
[EventDate "2021.07.25"]
[PlyCount "95"]

1. d4 Nf6 2. c4 c5 3. d5 b5 4. cxb5 a6 5. bxa6 g6 6. Nc3 Bxa6 7. e4 Bxf1 8. Kxf1 d6 9. Nf3 Bg7 10. g3 O-O 11. Kg2 Nbd7 12. a4 Rb8 13. Qe2 Rb4 14. a5 Qa8 15. Bf4 Rfb8 16. Ra2 h6 17. h4 Nh5 18. Rha1 Nxf4+ 19. gxf4 Nf6 20. a6 Nh5 21. Qd2 Qa7 22. Ne1 Qd7 23. f3 f5 24. Nc2 fxe4 25. Nxe4 Rxe4 26. fxe4 Qg4+ 27. Kf1 Rf8 28. f5 Qxe4 29. Ne3 Bd4 30. Ra3 Ng3+ 31. Kf2 Rxf5+ 32. Kxg3 Rf3+ 33. Kh2 Bxe3 34. Rxe3 Rxe3 35. Qxe3 Qxe3 36. a7 Qf2+ 37. Kh1 Qxh4+ 38. Kg1 Qg3+ 39. Kf1 Qf3+ 40. Kg1 Qe3+ 41. Kh1 Qe4+ 42. Kg1 Qd4+ 43. Kf1 Qf4+ 44. Kg1 Qg5+ 45. Kf1 Qf6+ 46. Kg1 Qd4+ 47. Kf1 Qc4+ 48. Kg1 1/2-1/2

[Event "GER-ch 92nd"]
[Site "Magdeburg"]
[Date "2021.07.26"]
[Round "2"]
[White "Muckle, Julius"]
[Black "Kuhn, Patrick"]
[Result "1/2-1/2"]
[WhiteElo "2423"]
[BlackElo "2073"]
[EventDate "2021.07.25"]
[PlyCount "83"]

1. d4 d5 2. c4 e6 3. Nc3 a6 4. cxd5 exd5 5. Nf3 c6 6. Qc2 Bd6 7. Bg5 Ne7 8. e3 Bf5 9. Bd3 Bxd3 10. Qxd3 h6 11. Bh4 Qd7 12. O-O O-O 13. Ne5 Bxe5 14. dxe5 Nf5 15. Bg3 Nxg3 16. hxg3 Qe7 17. e4 dxe4 18. Qxe4 Nd7 19. f4 Nc5 20. Qb4 Rfe8 21. Rad1 a5 22. Qc4 Rad8 23. Kh2 b5 24. Qe2 Rxd1 25. Rxd1 Rd8 26. Qf3 Rxd1 27. Nxd1 Qd7 28. Nc3 b4 29. Ne2 a4 30. Qe3 Qd5 31. f5 Ne4 32. Qf4 c5 33. Ng1 Ng5 34. Nh3 Qe4 35. Nf2 Qe2 36. Ng4 Qe4 37. Nf2 Qe2 38. Ng4 Qe4 39. Nf2 Qe2 40. Ng4 c4 41. e6 fxe6 42. f6 1/2-1/2

[Event "GER-ch 92nd"]
[Site "Magdeburg"]
[Date "2021.07.26"]
[Round "2"]
[White "Nguyen, Alex Dac Vuong"]
[Black "Krastev, Alexander"]
[Result "1/2-1/2"]
[WhiteElo "2298"]
[BlackElo "2380"]
[EventDate "2021.07.25"]
[PlyCount "96"]

1. e4 c5 2. Nf3 d6 3. d4 cxd4 4. Nxd4 Nf6 5. f3 e5 6. Nb3 d5 7. Bg5 d4 8. c3 Nc6 9. cxd4 Bb4+ 10. Nc3 exd4 11. a3 Be7 12. Nb5 O-O 13. N5xd4 Nxe4 14. Be3 Nxd4 15. Qxd4 Qxd4 16. Nxd4 Nd6 17. O-O-O Bd7 18. Kb1 Rac8 19. Bd3 Nc4 20. Bc1 Bf6 21. Bf5 Rfd8 22. Bxd7 Rxd7 23. Nf5 Rcd8 24. Rxd7 Rxd7 25. Ne3 Nxe3 26. Bxe3 h5 27. Re1 a6 28. Kc2 Kh7 29. g4 Rc7+ 30. Kb1 Kg6 31. h3 Re7 32. Bd2 Rd7 33. Bc1 Rd3 34. Re3 Rxe3 35. Bxe3 hxg4 36. hxg4 Be5 37. Kc2 f5 38. b3 Kf6 39. a4 fxg4 40. fxg4 Ke6 41. Kd3 Kd5 42. Bb6 Bf6 43. Ba7 Be7 44. Bd4 g6 45. Bb2 Bd6 46. Bd4 Be5 47. Bb6 Kc6 48. Ke4 Bd6 1/2-1/2

[Event "GER-ch 92nd"]
[Site "Magdeburg"]
[Date "2021.07.26"]
[Round "2"]
[White "Niering, Martin"]
[Black "Colbow, Collin"]
[Result "0-1"]
[WhiteElo "2200"]
[BlackElo "2353"]
[EventDate "2021.07.25"]
[PlyCount "64"]

1. e4 c5 2. c3 Nf6 3. e5 Nd5 4. d4 cxd4 5. Nf3 e6 6. cxd4 Nc6 7. Nc3 Nxc3 8. bxc3 d6 9. Bd3 dxe5 10. dxe5 Qa5 11. O-O Nxe5 12. Nxe5 Qxe5 13. Re1 Qc7 14. Qg4 h5 15. Qf3 Bd6 16. Rb1 Rb8 17. h4 Bd7 18. c4 Bc6 19. Qe3 Qe7 20. g3 Bc5 21. Qe2 Rd8 22. Bc2 Rd4 23. Bg5 Qd6 24. Rb3 Rg4 25. Rd1 Rxg3+ 26. Kf1 Bg2+ 27. Ke1 Bb4+ 28. Rxb4 Qxb4+ 29. Qd2 Qxd2+ 30. Rxd2 Rxg5 31. hxg5 h4 32. f4 h3 0-1

[Event "GER-ch 92nd"]
[Site "Magdeburg"]
[Date "2021.07.26"]
[Round "2"]
[White "Roseneck, Jonas"]
[Black "Pajeken, Jakob Leon"]
[Result "0-1"]
[WhiteElo "2401"]
[BlackElo "2328"]
[EventDate "2021.07.25"]
[PlyCount "60"]

1. e4 c5 2. Nf3 d6 3. d4 cxd4 4. Nxd4 Nf6 5. Nc3 a6 6. Be3 e5 7. Nf3 Be7 8. h3 b5 9. a4 b4 10. Nd5 Nbd7 11. c3 Bb7 12. cxb4 Nxd5 13. exd5 Nb6 14. Bxb6 Qxb6 15. b5 O-O 16. b4 a5 17. Bc4 Bf6 18. Nd2 e4 19. bxa5 Qxa5 20. Ra3 Bc3 21. Qc1 Bb4 22. Ra2 Rfc8 23. Ke2 Bxd2 24. Rxd2 Qxa4 25. Rd4 Bxd5 26. Rxd5 Rxc4 27. Qd1 Rc2+ 28. Rd2 Qc4+ 29. Ke3 Qc3+ 30. Ke2 Qd3+ 0-1

[Event "GER-ch 92nd"]
[Site "Magdeburg"]
[Date "2021.07.26"]
[Round "2"]
[White "Stern, Rene"]
[Black "Braun, Georg"]
[Result "1/2-1/2"]
[WhiteElo "2517"]
[BlackElo "2375"]
[EventDate "2021.07.25"]
[PlyCount "96"]

1. Nf3 c5 2. c4 Nf6 3. Nc3 d5 4. cxd5 Nxd5 5. e3 e6 6. Nxd5 Qxd5 7. b3 Be7 8. Bb2 O-O 9. Bc4 Qd6 10. O-O Nc6 11. d4 cxd4 12. Nxd4 Nxd4 13. Bxd4 Bd7 14. Qh5 Bc6 15. Rad1 Qc7 16. Qg4 g6 17. Bb2 Rad8 18. Rd4 Bf6 19. Rxd8 Qxd8 20. Rd1 Qe7 21. Bxf6 Qxf6 22. Qd4 Qxd4 23. Rxd4 Rc8 24. f4 Kf8 25. Kf2 Ke7 26. g4 f6 27. g5 f5 28. h4 h6 29. Rd2 Rh8 30. gxh6 Rxh6 31. Kg3 Rh8 32. Be2 a5 33. Rd4 Rc8 34. Rd2 Bd5 35. Bf3 Bxf3 36. Kxf3 Rc1 37. Rg2 Kf6 38. Rd2 b5 39. Rg2 Kf7 40. Rd2 Ke7 41. Rg2 Kf7 42. Rd2 Kf6 43. Rh2 Kg7 44. h5 gxh5 45. Rxh5 Rf1+ 46. Kg3 Rg1+ 47. Kf3 Rf1+ 48. Kg3 Rg1+ 1/2-1/2

[Event "GER-ch 92nd"]
[Site "Magdeburg"]
[Date "2021.07.26"]
[Round "2"]
[White "Stork, Oliver"]
[Black "Dyballa, Gerhard"]
[Result "1-0"]
[WhiteElo "2394"]
[BlackElo "1960"]
[EventDate "2021.07.25"]
[PlyCount "75"]

1. d4 Nf6 2. c4 e5 3. dxe5 Ng4 4. Bf4 Nc6 5. Nf3 Bb4+ 6. Nbd2 Qe7 7. a3 Ngxe5 8. Nxe5 Nxe5 9. e3 Bxd2+ 10. Qxd2 d6 11. Be2 a5 12. O-O O-O 13. b4 b6 14. c5 dxc5 15. bxc5 Ng6 16. Bg3 bxc5 17. Rfc1 Ba6 18. Bf3 Rfd8 19. Qc3 Rac8 20. Qxa5 Bd3 21. Rxc5 c6 22. Qb4 Qf6 23. Rac1 Ne7 24. Bh4 Qd6 25. Rd1 Rb8 26. Qc3 Rb1 27. Rxb1 Bxb1 28. h3 Bg6 29. Bxe7 Qxe7 30. Rxc6 h6 31. a4 Rd3 32. Qc5 Qxc5 33. Rxc5 Ra3 34. a5 Bd3 35. Bd5 Bg6 36. Rc8+ Kh7 37. Ra8 Bd3 38. Bxf7 1-0

[Event "GER-ch 92nd"]
[Site "Magdeburg"]
[Date "2021.07.26"]
[Round "2"]
[White "Svane, Frederik"]
[Black "Geue, Niklas"]
[Result "1-0"]
[WhiteElo "2438"]
[BlackElo "2121"]
[EventDate "2021.07.25"]
[PlyCount "73"]

1. e4 e6 2. d3 c5 3. g3 Nc6 4. Nf3 d5 5. Qe2 Nge7 6. Bg2 g6 7. h4 h5 8. O-O Bg7 9. e5 b5 10. c3 a5 11. Bg5 Qc7 12. Re1 b4 13. Nbd2 bxc3 14. bxc3 Rb8 15. Nb3 O-O 16. Nxc5 Nxe5 17. Nxe5 Qxc5 18. d4 Qc7 19. Bxe7 Qxe7 20. Nc6 Qc7 21. Nxb8 Qxb8 22. Rab1 Qc7 23. Rec1 Bd7 24. Qa6 Rc8 25. Rb7 Qc6 26. Qxc6 Bxc6 27. Rbb1 Bf8 28. c4 Ba3 29. cxd5 Bxc1 30. dxc6 Ba3 31. Rb7 Bd6 32. Rd7 Bc7 33. d5 exd5 34. Bxd5 Bb6 35. Rxf7 Kh8 36. Rb7 Bd8 37. Kg2 1-0

[Event "GER-ch 92nd"]
[Site "Magdeburg"]
[Date "2021.07.26"]
[Round "2"]
[White "Voege, Tobias"]
[Black "Poetsch, Hagen"]
[Result "1/2-1/2"]
[WhiteElo "2324"]
[BlackElo "2525"]
[EventDate "2021.07.25"]
[PlyCount "130"]

1. d4 Nf6 2. c4 e6 3. Nc3 Bb4 4. Nf3 b6 5. Bg5 Bb7 6. e3 h6 7. Bh4 g5 8. Bg3 Ne4 9. Qc2 d6 10. Bd3 Bxc3+ 11. bxc3 f5 12. c5 bxc5 13. Qb3 Bd5 14. c4 Nxg3 15. hxg3 Bxf3 16. gxf3 Nd7 17. Rd1 cxd4 18. exd4 Qf6 19. Qb7 Ke7 20. O-O Qxd4 21. Bxf5 Qc5 22. Bh3 Ne5 23. Rfe1 Rab8 24. Qe4 Rb2 25. Re3 Qxc4 26. Qxc4 Nxc4 27. Rxe6+ Kd8 28. Rd4 Nb6 29. a3 Rb3 30. Re3 Rxe3 31. fxe3 Re8 32. e4 Re5 33. Rd3 Rc5 34. f4 Ke7 35. Kf2 Rc2+ 36. Kf3 c5 37. e5 dxe5 38. fxe5 h5 39. Bf5 Ra2 40. Rc3 g4+ 41. Ke4 Na4 42. Rd3 Re2+ 43. Kf4 Nb6 44. Rd6 Rxe5 45. Rc6 Rd5 46. Be4 Rd4 47. Rxc5 Nd7 48. Ra5 a6 49. Ke3 Rc4 50. Bd3 Rc3 51. Kd2 Rc5 52. Rxc5 Nxc5 53. Bg6 Kf6 54. Bxh5 Kg5 55. Bxg4 Kxg4 56. Kc3 Kxg3 57. Kc4 Nd7 58. Kd5 Kf4 59. Kc6 Ke5 60. Kxd7 Kd5 61. a4 a5 62. Ke7 Kc5 63. Ke6 Kb4 64. Kd5 Kxa4 65. Kc4 Ka3 1/2-1/2

[Event "GER-ch 92nd"]
[Site "Magdeburg"]
[Date "2021.07.26"]
[Round "2"]
[White "Wachinger, Nikolas"]
[Black "Schulz, Karsten"]
[Result "1/2-1/2"]
[WhiteElo "2355"]
[BlackElo "2302"]
[EventDate "2021.07.25"]
[PlyCount "153"]

1. d4 g6 2. c4 Bg7 3. e4 d6 4. Nc3 e5 5. Nge2 Ne7 6. Be3 Nd7 7. Qd2 f5 8. f3 fxe4 9. Nxe4 Nf6 10. N2c3 exd4 11. Bxd4 Nf5 12. Bxf6 Bxf6 13. Nxf6+ Qxf6 14. Nd5 Qe5+ 15. Kf2 O-O 16. Re1 Qg7 17. Qc3 Qxc3 18. Nxc3 Bd7 19. Bd3 Bc6 20. Nb5 Rf7 21. c5 a6 22. Bxf5 gxf5 23. Nd4 dxc5 24. Nxc6 bxc6 25. Re5 Rd8 26. Rc1 Rd2+ 27. Re2 Rxe2+ 28. Kxe2 Re7+ 29. Kd3 Rd7+ 30. Ke3 Re7+ 31. Kd2 Rd7+ 32. Ke2 Re7+ 33. Kf1 Re5 34. Rc4 Kf7 35. Ra4 Ke6 36. Rxa6 Kd6 37. Ra4 Kd5 38. b3 Re3 39. Rc4 Re8 40. Kf2 Ra8 41. Rc2 f4 42. Rd2+ Ke5 43. Ke2 c4 44. bxc4 Ra3 45. g4 fxg3 46. hxg3 Rc3 47. Rd7 Rxc4 48. Rxh7 Rc2+ 49. Kd3 Rxa2 50. Rh5+ Kd6 51. g4 Ra3+ 52. Ke4 c5 53. Rd5+ Kc6 54. Rd1 c4 55. g5 c3 56. g6 Kc5 57. g7 Ra8 58. Kf5 Kc4 59. f4 c2 60. Rh1 Kc3 61. Kg6 Rd8 62. Rc1 Rd1 63. g8=Q Rxc1 64. Qh8+ Kd3 65. Qh3+ Kd2 66. Qg2+ Kd3 67. Qd5+ Ke3 68. Kf5 Rb1 69. Qe4+ Kd2 70. Qg2+ Kd3 71. Qf3+ Kd2 72. Qd5+ Ke3 73. Qc5+ Kd3 74. Qa3+ Kd4 75. Qa4+ Kd3 76. Qe4+ Kd2 77. Qd4+ 1/2-1/2

[Event "GER-ch 92nd"]
[Site "Magdeburg"]
[Date "2021.07.27"]
[Round "3"]
[White "Biastoch, Bennet"]
[Black "Lampe, Dirk"]
[Result "1-0"]
[WhiteElo "2266"]
[BlackElo "2160"]
[EventDate "2021.07.25"]
[PlyCount "79"]

1. e4 c5 2. Nf3 Nc6 3. d4 cxd4 4. Nxd4 g6 5. c4 Nf6 6. Nc3 d6 7. Be2 Nxd4 8. Qxd4 Bg7 9. Be3 O-O 10. Qd2 a5 11. O-O a4 12. Rac1 Qa5 13. h3 Be6 14. f4 Rfc8 15. b3 axb3 16. axb3 Qb4 17. f5 Bd7 18. fxg6 hxg6 19. e5 dxe5 20. Rxf6 exf6 21. Qxd7 Qxb3 22. Bf3 Rd8 23. Qxb7 Qxc4 24. Nd5 Qd3 25. Rd1 Qa3 26. Bb6 Rdb8 27. Qc7 Re8 28. Bc5 Qb3 29. Ne7+ Kh7 30. Rf1 Bh6 31. Bxa8 Rxa8 32. Qc6 Ra5 33. Qe8 Bg7 34. Bf2 e4 35. Qg8+ Kh6 36. Qd8 Re5 37. Ng8+ Kh7 38. Nxf6+ Bxf6 39. Qxf6 Rf5 40. Qh4+ 1-0

[Event "GER-ch 92nd"]
[Site "Magdeburg"]
[Date "2021.07.27"]
[Round "3"]
[White "Braun, Georg"]
[Black "Roseneck, Jonas"]
[Result "1/2-1/2"]
[WhiteElo "2375"]
[BlackElo "2401"]
[EventDate "2021.07.25"]
[PlyCount "83"]

1. c4 Nf6 2. g3 g6 3. Bg2 d5 4. cxd5 Nxd5 5. Nc3 Nb6 6. d3 Bg7 7. h4 h6 8. Be3 Nc6 9. Nf3 e5 10. Qd2 Nd4 11. Rc1 c6 12. O-O Be6 13. Ne4 Nd5 14. Bxd4 exd4 15. Nc5 Bc8 16. Nb3 Nc7 17. Qb4 Ne6 18. Qc4 O-O 19. Rfe1 Qb6 20. Nfd2 Nc7 21. Qc5 Be6 22. Nc4 Bxc4 23. Rxc4 Rad8 24. Qa5 Na6 25. Rec1 Rfe8 26. Bf3 Re7 27. Qa3 Re6 28. Qa5 Re7 29. Ra4 Rd6 30. Kf1 Rc7 31. h5 g5 32. Be4 Kf8 33. g4 Ke8 34. Qf5 Re7 35. Rac4 Qc7 36. Qh7 Kf8 37. Nc5 Nxc5 38. Rxc5 Rf6 39. Rf5 Rxf5 40. Qxf5 Re5 41. Qf3 Qa5 42. Rc4 1/2-1/2

[Event "GER-ch 92nd"]
[Site "Magdeburg"]
[Date "2021.07.27"]
[Round "3"]
[White "Colbow, Collin"]
[Black "Fromm, Marius"]
[Result "0-1"]
[WhiteElo "2353"]
[BlackElo "2326"]
[EventDate "2021.07.25"]
[PlyCount "90"]

1. e4 c5 2. Nc3 d6 3. d4 cxd4 4. Qxd4 Nc6 5. Qd2 Nf6 6. b3 e6 7. Bb2 d5 8. exd5 exd5 9. O-O-O Be6 10. Nh3 Qa5 11. Nf4 O-O-O 12. Qe2 Ba3 13. Na4 Bxb2+ 14. Kxb2 Rhe8 15. Qb5 Qc7 16. Nxe6 fxe6 17. Bd3 a6 18. Qb6 Qxb6 19. Nxb6+ Kc7 20. Na4 e5 21. f3 e4 22. fxe4 dxe4 23. Be2 Nd4 24. Rhe1 b5 25. Nc3 Kc6 26. a3 Nxe2 27. Rxd8 Rxd8 28. Rxe2 Re8 29. Kc1 Kc5 30. Kd2 Kd4 31. Nd1 Nd5 32. c3+ Nxc3 33. Re1 Nb1+ 34. Kc2 Nxa3+ 35. Kb2 b4 36. Ne3 Kd3 37. Nd5 a5 38. Nf4+ Kd2 39. Re2+ Kd1 40. Re3 Nb5 41. Rg3 Rf8 42. Nd5 Rf2+ 43. Kb1 Kd2 44. Kb2 Nc3 45. Nf6 gxf6 0-1

[Event "GER-ch 92nd"]
[Site "Magdeburg"]
[Date "2021.07.27"]
[Round "3"]
[White "Dyballa, Gerhard"]
[Black "Gutkin, Ilya"]
[Result "0-1"]
[WhiteElo "1960"]
[BlackElo "2304"]
[EventDate "2021.07.25"]
[PlyCount "54"]

1. c4 c5 2. Nc3 Nc6 3. g3 g6 4. Bg2 Bg7 5. Nf3 d6 6. O-O e6 7. e3 Nge7 8. d4 O-O 9. d5 Na5 10. Qd3 a6 11. e4 b5 12. Nd2 Rb8 13. Rb1 bxc4 14. Nxc4 Nxc4 15. Qxc4 Rb4 16. Qd3 exd5 17. Nxd5 Nxd5 18. Qxd5 Be6 19. Bg5 Bxd5 20. Bxd8 Bxa2 21. Ra1 Bc4 22. Ba5 Bxf1 23. Bxf1 Rxb2 24. Bxa6 Ra8 25. Bc7 Rb7 26. Bxb7 Rxa1+ 27. Kg2 Ra7 0-1

[Event "GER-ch 92nd"]
[Site "Magdeburg"]
[Date "2021.07.27"]
[Round "3"]
[White "Enders, Peter"]
[Black "Niering, Martin"]
[Result "1-0"]
[WhiteElo "2447"]
[BlackElo "2200"]
[EventDate "2021.07.25"]
[PlyCount "81"]

1. b3 d5 2. Bb2 Nf6 3. g3 e6 4. Bg2 Be7 5. Nf3 O-O 6. O-O c5 7. e3 Nc6 8. c4 d4 9. exd4 cxd4 10. d3 Re8 11. a3 a5 12. Nbd2 e5 13. Re1 Bf8 14. Qc2 h6 15. Nh4 Be6 16. Bxc6 bxc6 17. Rxe5 c5 18. Rae1 Rb8 19. a4 Qb6 20. Ba3 Qc6 21. f3 g5 22. Ng2 Nd7 23. R5e2 f5 24. Bc1 Bg7 25. Nb1 Bf7 26. Rxe8+ Bxe8 27. f4 Bf6 28. Na3 Bh5 29. Nb5 Bf3 30. Qf2 g4 31. Bd2 Qa6 32. h3 h5 33. Nh4 Bxh4 34. gxh4 Kf7 35. Nc7 Qc6 36. Ne6 Bh1 37. Ng5+ Kf8 38. Qe2 Kg8 39. Kh2 Bf3 40. Qe7 Nf8 41. Qf7+ 1-0

[Event "GER-ch 92nd"]
[Site "Magdeburg"]
[Date "2021.07.27"]
[Round "3"]
[White "Feuerstack, Aljoscha"]
[Black "Dobrikov, Marco"]
[Result "1-0"]
[WhiteElo "2473"]
[BlackElo "2311"]
[EventDate "2021.07.25"]
[PlyCount "101"]

1. e4 c5 2. Nf3 d6 3. d4 cxd4 4. Nxd4 Nf6 5. Nc3 a6 6. Be3 e5 7. Nb3 Be6 8. f3 h5 9. Nd5 Bxd5 10. exd5 Nbd7 11. Qd2 g6 12. O-O-O Qc7 13. Kb1 Nb6 14. Qa5 Rc8 15. c3 Nc4 16. Qxc7 Rxc7 17. Bxc4 Rxc4 18. Na5 Rc7 19. Bb6 Rc8 20. Rhe1 Nd7 21. Bf2 Rc7 22. f4 Bg7 23. c4 O-O 24. c5 dxc5 25. d6 Rcc8 26. Nxb7 c4 27. Rd5 Rb8 28. Nc5 Nxc5 29. Bxc5 exf4 30. d7 Rfd8 31. Be7 Rxd7 32. Rxd7 Rxb2+ 33. Kc1 Rxa2 34. Bb4 a5 35. Re8+ Kh7 36. Bd2 g5 37. Rxf7 Kg6 38. Rc7 c3 39. Bxc3 Bxc3 40. Rxc3 Rxg2 41. h4 g4 42. Re5 f3 43. Rxa5 Re2 44. Rc6+ Kf7 45. Ra7+ Re7 46. Rxe7+ Kxe7 47. Kd2 Kf7 48. Ke3 Kg7 49. Kf2 Kh7 50. Rc5 Kh6 51. Rg5 1-0

[Event "GER-ch 92nd"]
[Site "Magdeburg"]
[Date "2021.07.27"]
[Round "3"]
[White "Geue, Niklas"]
[Black "Muckle, Julius"]
[Result "0-1"]
[WhiteElo "2121"]
[BlackElo "2423"]
[EventDate "2021.07.25"]
[PlyCount "56"]

1. d4 d5 2. c4 e6 3. Nc3 Bb4 4. Nf3 dxc4 5. e4 b5 6. a4 c6 7. g3 Nf6 8. Qc2 Bb7 9. Bg5 c5 10. O-O-O Bxc3 11. bxc3 Nbd7 12. d5 h6 13. Bxf6 Qxf6 14. Bg2 exd5 15. exd5 O-O 16. Rhe1 b4 17. Re3 Rfe8 18. Nd2 b3 19. Qb2 Qxf2 20. Nxc4 Qf6 21. Rde1 Rxe3 22. Rxe3 Ba6 23. Qe2 g6 24. Kb2 Nb6 25. Re8+ Kg7 26. Rxa8 Bxc4 27. Qd2 Nxa8 28. d6 Nb6 0-1

[Event "GER-ch 92nd"]
[Site "Magdeburg"]
[Date "2021.07.27"]
[Round "3"]
[White "Hess, Max"]
[Black "Stern, Rene"]
[Result "1/2-1/2"]
[WhiteElo "2413"]
[BlackElo "2517"]
[EventDate "2021.07.25"]
[PlyCount "83"]

1. e4 e5 2. Nf3 Nc6 3. Bb5 Nf6 4. O-O Nxe4 5. Re1 Nd6 6. Nxe5 Be7 7. Bf1 Nxe5 8. Rxe5 O-O 9. d4 Ne8 10. c4 d6 11. Re1 Bg5 12. Nc3 Bxc1 13. Rxc1 Nf6 14. g3 Bd7 15. Bg2 Rb8 16. Qd2 Re8 17. Rxe8+ Qxe8 18. Nd5 Nxd5 19. cxd5 Rc8 20. Qa5 a6 21. Rxc7 h6 22. Bf1 Bf5 23. Rxc8 Qxc8 24. Qc3 Qxc3 25. bxc3 a5 26. f3 Kf8 27. Kf2 Ke7 28. Ke3 b6 29. Bd3 Bc8 30. Kd2 f6 31. Kc2 Bd7 32. c4 Kd8 33. Kc3 Kc7 34. Bg6 Ba4 35. f4 Bd1 36. Be4 Be2 37. Bd3 Bf3 38. f5 Bd1 39. Kd2 Bg4 40. Ke3 Bd1 41. Kf4 Kd7 42. Ke4 1/2-1/2

[Event "GER-ch 92nd"]
[Site "Magdeburg"]
[Date "2021.07.27"]
[Round "3"]
[White "Koelle, Tobias"]
[Black "Svane, Frederik"]
[Result "0-1"]
[WhiteElo "2312"]
[BlackElo "2438"]
[EventDate "2021.07.25"]
[PlyCount "98"]

1. d4 Nf6 2. c4 e6 3. Nf3 b6 4. g3 Ba6 5. b3 Bb4+ 6. Bd2 Be7 7. Bg2 c6 8. Bc3 d5 9. Nbd2 O-O 10. O-O Nbd7 11. Re1 c5 12. e4 dxc4 13. Nxc4 Bb7 14. Qc2 Rc8 15. a4 a6 16. dxc5 Bxc5 17. Rad1 Qe7 18. Qb1 b5 19. Na5 Ba8 20. Bd2 Ng4 21. Re2 f5 22. exf5 Nxf2 23. Rxf2 Rxf5 24. Bf4 Bxf3 25. Bxf3 Bxf2+ 26. Kxf2 g5 27. Nb7 gxf4 28. Nd6 fxg3+ 29. hxg3 Rxf3+ 30. Kxf3 Rc3+ 31. Kg2 Nc5 32. Qb2 Qf6 33. Qe2 Qg6 34. Qf2 bxa4 35. bxa4 Nb3 36. Re1 Nd4 37. Rd1 e5 38. Rxd4 exd4 39. Nf5 Qc6+ 40. Kh3 Qh1+ 41. Kg4 Qe4+ 42. Kh3 Qh1+ 43. Kg4 Qe4+ 44. Kh3 Rc1 45. Nh6+ Kg7 46. Qf7+ Kxh6 47. Qf6+ Kh5 48. Qf7+ Kg5 49. Qg7+ Qg6 0-1

[Event "GER-ch 92nd"]
[Site "Magdeburg"]
[Date "2021.07.27"]
[Round "3"]
[White "Kolb, Tobias"]
[Black "Matthes, Aaron"]
[Result "1/2-1/2"]
[WhiteElo "2307"]
[BlackElo "2035"]
[EventDate "2021.07.25"]
[PlyCount "121"]

1. d4 d5 2. c4 c6 3. cxd5 cxd5 4. Bf4 Nc6 5. Nc3 Nf6 6. e3 a6 7. Bd3 Bg4 8. Nge2 e6 9. O-O Bd6 10. f3 Bh5 11. Rc1 Bg6 12. Bxd6 Qxd6 13. Nf4 Bxd3 14. Nxd3 O-O 15. Na4 e5 16. dxe5 Nxe5 17. Nxe5 Qxe5 18. Qd4 Qe7 19. Nb6 Rad8 20. Rfd1 Rfe8 21. Rd3 h6 22. a4 Qe6 23. a5 Rd6 24. b4 Rc6 25. Rc5 Rxc5 26. Qxc5 Qe5 27. Qc3 Qe6 28. Qd4 Qe7 29. Kf2 Qc7 30. g3 Qc2+ 31. Rd2 Qb1 32. Rd1 Qc2+ 33. Qd2 Qf5 34. Kg2 Qe5 35. Re1 g5 36. g4 Re6 37. Na4 d4 38. e4 Nd5 39. Nc5 Nf4+ 40. Kg1 Rc6 41. Rd1 d3 42. Nxd3 Qd4+ 43. Nf2 Qxd2 44. Rxd2 Rc4 45. Nd1 Rxb4 46. Ne3 Rb5 47. Nf5 Rxa5 48. Nxh6+ Kf8 49. Nf5 Kg8 50. Rd8+ Kh7 51. Rd7 Rb5 52. Nd6 Rb1+ 53. Kf2 b5 54. Rxf7+ Kg8 55. Rb7 b4 56. Nc4 Rc1 57. Na5 Rc5 58. Nb3 Rc3 59. Na5 Rc5 60. Nb3 Rc3 61. Na5 1/2-1/2

[Event "GER-ch 92nd"]
[Site "Magdeburg"]
[Date "2021.07.27"]
[Round "3"]
[White "Krastev, Alexander"]
[Black "Ehmann, Thilo"]
[Result "1/2-1/2"]
[WhiteElo "2380"]
[BlackElo "2342"]
[EventDate "2021.07.25"]
[PlyCount "81"]

1. e4 c5 2. Nf3 d6 3. d4 cxd4 4. Qxd4 Nc6 5. Bb5 Bd7 6. Bxc6 Bxc6 7. Nc3 Nf6 8. Bg5 e6 9. Qd3 a6 10. Nd4 Bd7 11. f4 Be7 12. Nf3 Bc6 13. O-O-O b5 14. Bxf6 gxf6 15. Nd4 Bd7 16. Qg3 Qa5 17. Qg7 Rf8 18. Kb1 b4 19. Nce2 h5 20. Qh7 Qb6 21. Qxh5 a5 22. Qf3 O-O-O 23. h4 Kb8 24. h5 Bc8 25. h6 Bb7 26. g4 d5 27. e5 Ka8 28. h7 Rh8 29. Rh5 Rdf8 30. g5 fxe5 31. fxe5 a4 32. Nf4 Bc5 33. Qe3 Ba6 34. b3 a3 35. Kc1 Qb8 36. Rhh1 Qe8 37. Rdg1 Qd7 38. Kb1 Qa7 39. Rd1 Rc8 40. Qd2 Qc7 41. Ndxe6 1/2-1/2

[Event "GER-ch 92nd"]
[Site "Magdeburg"]
[Date "2021.07.27"]
[Round "3"]
[White "Kuhn, Patrick"]
[Black "Belezky, Alexander"]
[Result "1-0"]
[WhiteElo "2073"]
[BlackElo "2377"]
[EventDate "2021.07.25"]
[PlyCount "81"]

1. c4 Nf6 2. Nc3 g6 3. g3 Bg7 4. Bg2 d6 5. e4 c5 6. Nge2 Nc6 7. d3 O-O 8. O-O Bd7 9. h3 Ne8 10. Be3 Nd4 11. Rb1 a5 12. Kh2 Nc7 13. Qd2 Rb8 14. a4 Nxe2 15. Qxe2 Bxc3 16. bxc3 Bxa4 17. Qa2 Bc6 18. Qxa5 b5 19. cxb5 Nxb5 20. Qa1 Ra8 21. Qb2 e5 22. Qd2 Qa5 23. Rbc1 Qa2 24. Rc2 Qe6 25. f4 f6 26. f5 Qb3 27. g4 Ra3 28. Bh6 Rf7 29. g5 Nxc3 30. Rb2 Qa4 31. fxg6 hxg6 32. gxf6 Nb5 33. Qg5 Kh7 34. Bg7 Rxg7 35. fxg7 Kxg7 36. Qf6+ Kh7 37. Qf7+ Kh6 38. Qf8+ Kg5 39. h4+ Kg4 40. Bh3+ Kxh4 41. Qh6# 1-0